Diagnostic financier d'une société étatique: cas de la SOBEMAP (Record no. 9731)
[ view plain ]
| 000 -LEADER | |
|---|---|
| fixed length control field | 00557 a2200241 4500 |
| 040 ## - SOURCE DU CATALOGAGE | |
| Original cataloging agency | ENEAM |
| 100 ## - VEDETTE PRINCIPALE - NOM DE PERSONNE | |
| Personal name | da SILVA, Irmine |
| 130 ## - VEDETTE PRINCIPALE - TITRE UNIFORME | |
| Language of a work | Fr |
| 260 ## - PUBLICATION, DISTRIBUTION, ETC. (IMPRINT) | |
| Place of publication, distribution, etc | Cotonou |
| 260 ## - PUBLICATION, DISTRIBUTION, ETC. (IMPRINT) | |
| Name of publisher, distributor, etc | ENEAM |
| 245 ## - TITLE STATEMENT | |
| Title | Diagnostic financier d'une société étatique: cas de la SOBEMAP |
| 260 ## - PUBLICATION, DISTRIBUTION, ETC. (IMPRINT) | |
| Date of publication, distribution, etc | 2007 |
| 300 ## - PHYSICAL DESCRIPTION | |
| Other physical details | 56 p |
| 500 ## - GENERAL NOTE | |
| General note | 1 ex |
| 650 ## - SUBJECT ADDED ENTRY--TOPICAL TERM | |
| Topical term or geographic name as entry element | COMPTABILITE GESTION |
| 650 ## - SUBJECT ADDED ENTRY--TOPICAL TERM | |
| Topical term or geographic name as entry element | GESTION FINANCIERE |
| 650 ## - SUBJECT ADDED ENTRY--TOPICAL TERM | |
| Topical term or geographic name as entry element | DIAGNOSTIC FINANCIER |
| 650 ## - SUBJECT ADDED ENTRY--TOPICAL TERM | |
| Topical term or geographic name as entry element | SOCIETE ETATIQUE |
| 650 ## - SUBJECT ADDED ENTRY--TOPICAL TERM | |
| Topical term or geographic name as entry element | SOBEMAP |
| 700 ## - ADDED ENTRY--PERSONAL NAME | |
| Personal name | DJOSSINOU, Chismel |
| Withdrawn status | Lost status | Damaged status | Not for loan | Location (home branch) | Sublocation or collection (holding branch) | Date acquired | Koha issues (times borrowed) | Koha full call number | Koha date last seen | Price effective from | Koha item type |
|---|---|---|---|---|---|---|---|---|---|---|---|
| Bibliothèque de l'Ecole Nationale d'Economie Appliquée et de Management | Bibliothèque de l'Ecole Nationale d'Economie Appliquée et de Management | 27/02/2009 | 2007/COG/033 | 27/02/2009 | 27/02/2009 | Livre |